Molecular cell biology / (Record no. 17213)

000 -LEADER
fixed length control field 00481cam a2200169 a 4500
020 ## - INTERNATIONAL STANDARD BOOK NUMBER
ISBN 0716731363
040 ## - CATALOGING SOURCE
Transcribing agency DLC
082 00 - DEWEY DECIMAL CLASSIFICATION NUMBER
Classification number 571 FRE 2000 A124 Co.
245 00 - TITLE STATEMENT
Title Molecular cell biology /
250 ## - EDITION STATEMENT
Edition statement 4th ed.
260 ## - PUBLICATION, DISTRIBUTION, ETC. (IMPRINT)
Place of publication New York :
Name of publisher W.H. Freeman,
Year of publication c2000.
300 ## - PHYSICAL DESCRIPTION
Number of Pages xxxvi, 1084, G-17, I-36 p. :
Other physical details ill. (some col.);
Dimensions cm.
Accompanying material 1 computer laser optical disc (4 3/4 in.)
650 #0 - SUBJECT ADDED ENTRY--TOPICAL TERM
Topical Term Cytology.
650 #0 - SUBJECT ADDED ENTRY--TOPICAL TERM
Topical Term Molecular biology.
700 1# - ADDED ENTRY--PERSONAL NAME
Personal name Lodish, Harvey F.
942 ## - ADDED ENTRY ELEMENTS (KOHA)
Koha item type សៀវភៅភាសាអង់គ្លេស
952 ## - LOCATION AND ITEM INFORMATION (KOHA)
Withdrawn status [LOCAL, KOHA] 0
952 ## - LOCATION AND ITEM INFORMATION (KOHA)
Withdrawn status [LOCAL, KOHA] 0
952 ## - LOCATION AND ITEM INFORMATION (KOHA)
Withdrawn status [LOCAL, KOHA] 0
952 ## - LOCATION AND ITEM INFORMATION (KOHA)
Withdrawn status [LOCAL, KOHA] 0
952 ## - LOCATION AND ITEM INFORMATION (KOHA)
Withdrawn status [LOCAL, KOHA] 0
952 ## - LOCATION AND ITEM INFORMATION (KOHA)
Withdrawn status [LOCAL, KOHA] 0
952 ## - LOCATION AND ITEM INFORMATION (KOHA)
Withdrawn status [LOCAL, KOHA] 0
Holdings
Permanent Location Date acquired Koha item type Lost status Shelving location Barcode Current Location Full call number
Library Block A2018-09-05សៀវភៅភាសាអង់គ្លេស A124A19439Library Block A571 FRE 2000 A124 Co.
Library Block A2018-09-05សៀវភៅភាសាអង់គ្លេស A124A19865Library Block A571 FRE 2000 A124 Co.
Library Block A2018-09-05សៀវភៅភាសាអង់គ្លេស A124A19043Library Block A571 FRE 2000 A124 Co.
Library Block A2018-09-05សៀវភៅភាសាអង់គ្លេស A124A18597Library Block A571 FRE 2000 A124 Co.
Library Block A2018-09-05សៀវភៅភាសាអង់គ្លេស A124A19158Library Block A571 FRE 2000 A124 Co.
Library Block A2018-09-05សៀវភៅភាសាអង់គ្លេស A124A14923Library Block A571 FRE 2000 A124 Co.
Library Block A2018-09-05សៀវភៅភាសាអង់គ្លេស A124A33812Library Block A571 FRE 2000 A124 Co.
មជ្ឈមណ្ឌលឯការនៃសាកលវិទ្យាល័យភូមិន្ទកសិកម្មចំការដូង

Powered by Koha